000 01171nam a22002657a 4500
005 20170124103223.0
010 _aB-350869
020 _c60.00
035 _aB-350869
037 _bCen Lib/Ret
040 _aDPL
_bHN
082 _a821.08
_bकमल
100 _aकमल कुमार
_9123740
245 _aकाव्या परम्परा और नई कविता की भूमिका /
_cकमल कुमार
246 _aKavya prampara aur naye kavita ki bhumika /
_bby Kamal Kumar
260 _aदिल्ली
_bप्रेम प्रकाशन
_c1987
270 _a3012, बल्लीमारन
_bदिल्ली
300 _a134पृ. :
_c20सेमी(सजिल्द)
500 _a अनुक्रमणिका भी शामिल
650 _aहिंदी साहित्य का इतिहास
_910161
650 _aहिंदी साहित्य का इतिहास-भार्वत काल
_910162
650 _aHindi Literature
_9123741
650 _aHindi Literature- Bharvat Period
_910164
942 _2ddc
_cHN
_h821.08
_mकमल
999 _c121988
_d121988